Hindu book of editorials 2018 (Record no. 240670)

MARC details
000 -LEADER
fixed length control field 01067nam a22002057a 4500
005 - DATE AND TIME OF LATEST TRANSACTION
control field 20251106091755.0
008 - FIXED-LENGTH DATA ELEMENTS--GENERAL INFORMATION
fixed length control field 251105b |||||||| |||| 00| 0 eng d
020 ## - INTERNATIONAL STANDARD BOOK NUMBER
International Standard Book Number 9789387791466
040 ## - CATALOGING SOURCE
Transcribing agency AL
041 ## - LANGUAGE CODE
Language code of text/sound track or separate title English
082 ## - DEWEY DECIMAL CLASSIFICATION NUMBER
Classification number 070.172
Item number NAMH
100 ## - MAIN ENTRY--PERSONAL NAME
Personal name Suresh Nambath
100 ## - MAIN ENTRY--PERSONAL NAME
9 (RLIN) 244176
245 ## - TITLE STATEMENT
Title Hindu book of editorials 2018
260 ## - PUBLICATION, DISTRIBUTION, ETC.
Place of publication, distribution, etc. Chennai
Name of publisher, distributor, etc. THG Publishing private Limited
Date of publication, distribution, etc. 2023
300 ## - PHYSICAL DESCRIPTION
Extent 335 p.
Other physical details PB
Dimensions 21x14 cm.
365 ## - TRADE PRICE
Price type code 695-2025/26
Price amount ₹200.00
Currency code
Unit of pricing ₹250.00
Price note 20%
Price effective from 07-10-2025
440 ## - SERIES STATEMENT/ADDED ENTRY--TITLE
Title The Hindu Series
9 (RLIN) 244035
520 ## - SUMMARY, ETC.
Summary, etc. * A selection of editorials that were published in The Hindu in 2018, from the editorial pages of the newspaper. <br/>* The editorials cover a variety of topics ranging from politics, governance and civil society, to media, health and education. <br/>* This book is invaluable for its aggregation of editorial commentary of some of the key events of the year that have continuing relevance. <br/>* Segregated topic-wise for ease of reading, The Hindu Book of Editorials is a bookshelf essential.
942 ## - ADDED ENTRY ELEMENTS (KOHA)
Source of classification or shelving scheme Dewey Decimal Classification
Koha item type Book
Holdings
Withdrawn status Lost status Source of classification or shelving scheme Damaged status Not for loan Collection code Home library Current library Shelving location Date acquired Source of acquisition Cost, normal purchase price Total Checkouts Full call number Barcode Date last seen Cost, replacement price Price effective from Koha item type
    Dewey Decimal Classification     Journalism St Aloysius Library St Aloysius Library Stack Section 10/29/2025 THG Publishing Private Limited 200.00   070.172 NAMH 077953 11/05/2025 250.00 10/07/2025 Book